Mass communication theory : (Record no. 10101)

MARC details
000 -LEADER
fixed length control field 01358cam a2200325 a 4500
001 - CONTROL NUMBER
control field 4522583
003 - CONTROL NUMBER IDENTIFIER
control field OSt
005 - DATE AND TIME OF LATEST TRANSACTION
control field 20211006153950.0
008 - FIXED-LENGTH DATA ELEMENTS--GENERAL INFORMATION
fixed length control field 990528s2000 at b 001 0 eng
010 ## - LIBRARY OF CONGRESS CONTROL NUMBER
LC control number 99034363
020 ## - INTERNATIONAL STANDARD BOOK NUMBER
International Standard Book Number 0534560881
035 ## - SYSTEM CONTROL NUMBER
System control number (DLC) 99034363
040 ## - CATALOGING SOURCE
Original cataloging agency DLC
Transcribing agency HU
Modifying agency DLC
050 00 - LIBRARY OF CONGRESS CALL NUMBER
Classification number P90
Item number .B285 1999
082 00 - DEWEY DECIMAL CLASSIFICATION NUMBER
Classification number 302.23/01
Edition number 21
100 1# - MAIN ENTRY--PERSONAL NAME
Personal name Baran, Stanley J.
9 (RLIN) 10916
245 10 - TITLE STATEMENT
Title Mass communication theory :
Remainder of title foundations, ferment, and future /
Statement of responsibility, etc. Stanley J. Baran, Dennis K. Davis.
250 ## - EDITION STATEMENT
Edition statement 2nd ed.
260 ## - PUBLICATION, DISTRIBUTION, ETC.
Place of publication, distribution, etc. Australia ;
-- Belmont, CA. :
Name of publisher, distributor, etc. Wadsworth,
Date of publication, distribution, etc. c2000.
300 ## - PHYSICAL DESCRIPTION
Extent xvi, 400 p. ;
Dimensions 24 cm.
504 ## - BIBLIOGRAPHY, ETC. NOTE
Bibliography, etc. note Includes bibliographical references (p. [367]-395) and index.
650 #0 - SUBJECT ADDED ENTRY--TOPICAL TERM
Topical term or geographic name entry element Mass media
General subdivision Philosophy.
9 (RLIN) 10917
700 1# - ADDED ENTRY--PERSONAL NAME
Personal name Davis, Dennis K.
9 (RLIN) 10918
856 42 - ELECTRONIC LOCATION AND ACCESS
Materials specified Contributor biographical information
Uniform Resource Identifier <a href="http://www.loc.gov/catdir/enhancements/fy1515/99034363-b.html">http://www.loc.gov/catdir/enhancements/fy1515/99034363-b.html</a>
856 42 - ELECTRONIC LOCATION AND ACCESS
Materials specified Publisher description
Uniform Resource Identifier <a href="http://www.loc.gov/catdir/enhancements/fy1515/99034363-d.html">http://www.loc.gov/catdir/enhancements/fy1515/99034363-d.html</a>
856 41 - ELECTRONIC LOCATION AND ACCESS
Materials specified Table of contents only
Uniform Resource Identifier <a href="http://www.loc.gov/catdir/enhancements/fy1515/99034363-t.html">http://www.loc.gov/catdir/enhancements/fy1515/99034363-t.html</a>
906 ## - LOCAL DATA ELEMENT F, LDF (RLIN)
a 7
b cbc
c orignew
d 1
e ocip
f 19
g y-gencatlg
942 ## - ADDED ENTRY ELEMENTS (KOHA)
Source of classification or shelving scheme Dewey Decimal Classification
Koha item type Books like text book referance book
Suppress in OPAC No
Holdings
Withdrawn status Lost status Source of classification or shelving scheme Damaged status Not for loan Home library Current library Shelving location Date acquired Full call number Barcode Date last seen Copy number Price effective from Koha item type Total Checkouts
    Dewey Decimal Classification     Social Library Social Library General Stacks 10/06/2021 302.2BAR SHLIB 00001759 10/06/2021 1 10/06/2021 Books like text book referance book  
    Dewey Decimal Classification     Social Library Social Library General Stacks 10/06/2021 302.2BAR SHLIB 00001816 10/06/2021 2 10/06/2021 Books like text book referance book  
    Dewey Decimal Classification     Social Library Social Library General Stacks 10/06/2021 302.2BAR SHLIB 00001756 10/06/2021 3 10/06/2021 Books like text book referance book  
    Dewey Decimal Classification     Social Library Social Library General Stacks 10/06/2021 302.2BAR SHLIB 00001755 10/06/2021 4 10/06/2021 Books like text book referance book  
    Dewey Decimal Classification     Social Library Social Library General Stacks 10/06/2021 302.2BAR SHLIB 00001757 10/06/2021 5 10/06/2021 Books like text book referance book  
    Dewey Decimal Classification     Social Library Social Library General Stacks 10/06/2021 302.2BAR SHLIB 00001758 10/06/2021 6 10/06/2021 Books like text book referance book